000
00290nam a2200109Ia 4500
005
20251222152555.0
008
251222s9999||||xx |||||||||||||| ||spa||
082
_a
348.6/O26
100
_a
Obregón Sevillano, Tulio
245
0
_a
Aplicación Práctica de la Legislación Laboral
942
_c
LIB
999
_c
26409
_d
26409